عرض عادي
عرض مارك
- Roberts, Richard A.,
مدخل إسم شخص
001 - رقم الضبط
- حقل الضبط: 39433
003 - معرف رقم الضبط
- حقل الضبط: OSt
005 - تاريخ ووقت أخر عملية
- حقل الضبط: 20131111201544.0
008 - عناصر بيانات ثابتة الطول
- حقل تحكم ثابت الطول: 131111|||a|||||| | ||| d
040 ## - مصدر الفهرسة
- هيئة الفهرسة الأصلية: OSt
- وكالة الكتابة: OSt
100 ## - مدخل -- أسم شخص
- إسم شخص: Roberts, Richard A.,
- تواريخ مرتبطة بالاسم: 1935-
670 ## - بيانات المصدر موجوده
- الاستشهاد بالمصدر: Work cat.: (OSt)0: Roberts, Richard A., 1935-, Digital signal processing /, c1987.
